Моделирование процесса алкилирования бензола моноолефинами в производстве ЛАБ-ЛАБС; Химия и химическая технология в XXI веке

Bibliographische Detailangaben
Parent link:Химия и химическая технология в XXI веке.— 2008.— С. 257
1. Verfasser: Тараканов И. П.
Weitere Verfasser: Ивашкина Е. Н. (научный руководитель)
Sprache:Russisch
Veröffentlicht: 2008
Schlagworte:
Format: MixedMaterials Buchkapitel
KOHA link:https://koha.lib.tpu.ru/cgi-bin/koha/opac-detail.pl?biblionumber=168463

MARC

LEADER 00000naa2a2200000 4500
001 168463
005 20231031163121.0
035 |a (RuTPU)RU\TPU\book\182775 
090 |a 168463 
100 |a 20091028d2008 k y0rusy50 ca 
101 0 |a rus 
102 |a RU 
200 1 |a Моделирование процесса алкилирования бензола моноолефинами в производстве ЛАБ-ЛАБС  |f И. П. Тараканов  |g науч. рук. Е. Н. Ивашкина 
463 0 |0 (RuTPU)RU\TPU\book\176288  |t Химия и химическая технология в XXI веке  |o IX Всероссийская научно-практическая конференция студентов и аспирантов, Томск, 14-16 мая 2008 г.  |o сборник материалов  |f Томский политехнический университет (ТПУ) ; Химия и химическая технология в XXI веке  |v С. 257  |d 2008  |p 338 с. 
610 1 |a бензол 
610 1 |a алкилирование 
610 1 |a моноолефины 
610 1 |a производство 
610 1 |a технологические процессы 
610 1 |a меделирование 
610 1 |a линейные алкилбензолы 
610 1 |a алкилбензосульфонаты 
610 1 |a синтетические моющие средства 
610 1 |a математические модели 
610 1 |a топливо 
610 1 |a труды учёных ТПУ 
700 1 |a Тараканов  |b И. П. 
702 1 |a Ивашкина  |b Е. Н.  |4 727 
801 1 |a RU  |b 63413507  |c 20091028 
942 |c BK